Questions in Parliament, (Record no. 2307)

MARC details
000 -LEADER
fixed length control field 00823cam a22002771 4500
001 - CONTROL NUMBER
control field 7032810
003 - CONTROL NUMBER IDENTIFIER
control field OSt
005 - DATE AND TIME OF LATEST TRANSACTION
control field 20230621163437.0
008 - FIXED-LENGTH DATA ELEMENTS--GENERAL INFORMATION
fixed length control field 750331s1962 xx 000 0 eng
010 ## - LIBRARY OF CONGRESS CONTROL NUMBER
LC control number 62002134
015 ## - NATIONAL BIBLIOGRAPHY NUMBER
National bibliography number GB62-2602
035 ## - SYSTEM CONTROL NUMBER
System control number (OCoLC)1245265
040 ## - CATALOGING SOURCE
Original cataloging agency DLC
Transcribing agency OAU
Modifying agency Uk
-- DLC
042 ## - AUTHENTICATION CODE
Authentication code premarc
050 00 - LIBRARY OF CONGRESS CALL NUMBER
Classification number JN688
Item number .C47
082 ## - DEWEY DECIMAL CLASSIFICATION NUMBER
Classification number 328.42
Item number CHE
100 1# - MAIN ENTRY--PERSONAL NAME
Personal name Chester, Daniel Norman,
Titles and words associated with a name Sir.
245 10 - TITLE STATEMENT
Title Questions in Parliament,
Statement of responsibility, etc. by D. N. Chester and Nona Bowring.
260 ## - PUBLICATION, DISTRIBUTION, ETC. (IMPRINT)
Place of publication, distribution, etc. Oxford,
Name of publisher, distributor, etc. Clarendon Press
Date of publication, distribution, etc. [1962]
300 ## - PHYSICAL DESCRIPTION
Extent 335 p.
Dimensions 23 cm.
504 ## - BIBLIOGRAPHY, ETC. NOTE
Bibliography, etc Includes bibliography.
610 10 - SUBJECT ADDED ENTRY--CORPORATE NAME
Corporate name or jurisdiction name as entry element Great Britain.
Subordinate unit Parliament.
-- House of Commons
General subdivision Rules and practice.
700 1# - ADDED ENTRY--PERSONAL NAME
Personal name Bowring, Nona,
Relator term joint author.
906 ## - LOCAL DATA ELEMENT F, LDF (RLIN)
a 7
b cbc
c oclcrpl
d u
e ncip
f 19
g y-gencatlg
942 ## - ADDED ENTRY ELEMENTS (KOHA)
Source of classification or shelving scheme Dewey Decimal Classification
Koha item type Books
Holdings
Withdrawn status Lost status Source of classification or shelving scheme Damaged status Not for loan Home library Current library Date acquired Total Checkouts Full call number Barcode Date last seen Price effective from Koha item type
    Dewey Decimal Classification     County Hall Archives County Hall Archives 06/21/2023   328.42 CHE 10001505 06/21/2023 06/21/2023 Books
LIBRARY OPENING HOURS

When the Parliament is sitting: 8.00a.m - 7.00p.m or until the house adjourns
Mondays and Fridays and when the House is on Recess:  8.00a.m - 5.00p.m
Closed on Weekends and Public Holidays

Online Public Access Catalog (OPAC)
Website: http://www.parliament.go.ke
Bunge Library: https://libraryir.parliament.go.ke
Contact: library@parliament.go.ke | Tel no: (254-2)2221291 or 2848000 Ext 5043